Violence: patterns, causes, public policy
| Contributors: | ; ; |
|---|---|
| Format: | Print Book |
| Language: | English |
| Published: |
San Diego [u.a.]
Harcourt Brace Jovanovich
1990
|
| In: | Year: 1990 |
| Online Access: |
Autorenbiografie (Publisher) Verlagsangaben (Publisher) |
| Availability in Tübingen: | Present in Tübingen. UB: KB 18 A 6898 |
| Check availability: | HBZ Gateway |
| Subito Delivery Service: | Order now. |
| Keywords: |
MARC
| LEADER | 00000cam a2200000 c 4500 | ||
|---|---|---|---|
| 001 | 275923924 | ||
| 003 | DE-627 | ||
| 005 | 20251222212936.0 | ||
| 007 | tu | ||
| 008 | 900830s1990 xxu||||| 00| ||eng c | ||
| 010 | |a 89084241 | ||
| 020 | |a 0155949152 |9 0-15-594915-2 | ||
| 035 | |a (DE-627)275923924 | ||
| 035 | |a (DE-576)021472041 | ||
| 035 | |a (DE-599)GBV275923924 | ||
| 035 | |a (OCoLC)246929001 | ||
| 035 | |a (OCoLC)21075020 | ||
| 040 | |a DE-627 |b ger |c DE-627 |e rakwb | ||
| 041 | |a eng | ||
| 044 | |c XD-US | ||
| 050 | 0 | |a HN90.V5 | |
| 082 | 0 | |a 303.6 | |
| 245 | 0 | 0 | |a Violence |b patterns, causes, public policy |c Neil Alan Weiner; Margaret A. Zahn; Rita J. Sagi |
| 264 | 1 | |a San Diego [u.a.] |b Harcourt Brace Jovanovich |c 1990 | |
| 300 | |a XVII, 478 S. |b graph. Darst | ||
| 336 | |a Text |b txt |2 rdacontent | ||
| 337 | |a ohne Hilfsmittel zu benutzen |b n |2 rdamedia | ||
| 338 | |a Band |b nc |2 rdacarrier | ||
| 583 | 1 | |a Archivierung prüfen |c 20200919 |f DE-640 |z 1 |2 pdager | |
| 650 | 0 | |a Violence |z United States |x Analysis |x Handbooks, manuals, etc | |
| 650 | 0 | |a Violence |z United States |x Government policy |x Analysis | |
| 650 | 0 | |a Violent crimes |z United States |x Analysis |x Handbooks, manuals, etc | |
| 650 | 0 | |a Violence |z United States |x History | |
| 650 | 0 | |a Violence |z United States |x Research | |
| 700 | 1 | |a Weiner, Neil A. |4 oth | |
| 700 | 1 | |a Zahn, Margaret A. |0 (DE-588)1122755619 |0 (DE-627)876134789 |0 (DE-576)164866922 |4 oth | |
| 700 | 1 | |a Sagi, Rita J. |4 oth | |
| 856 | 4 | 2 | |u http://www.loc.gov/catdir/enhancements/fy1303/89084241-b.html |x Verlag |3 Autorenbiografie |7 1 |
| 856 | 4 | 2 | |u http://www.loc.gov/catdir/enhancements/fy1303/89084241-d.html |x Verlag |3 Verlagsangaben |7 1 |
| 951 | |a BO | ||
| ELC | |b 1 | ||
| LOK | |0 000 xxxxxcx a22 zn 4500 | ||
| LOK | |0 001 3342929014 | ||
| LOK | |0 003 DE-627 | ||
| LOK | |0 004 275923924 | ||
| LOK | |0 005 20151019103428 | ||
| LOK | |0 008 900830||||||||||||||||ger||||||| | ||
| LOK | |0 040 |a DE-21 |c DE-627 |d DE-21 | ||
| LOK | |0 852 |a DE-21 | ||
| LOK | |0 852 1 |c KB 18 A 6898 |9 00 | ||
| LOK | |0 935 |a krim | ||
| LOK | |0 939 |a 30-08-90 |b l01 | ||
| ORI | |a SA-MARC-krimdoka001.raw | ||
| SIG | |a UB: KB 18 A 6898 | ||
